| 000 | 00605nam a2200205 i 4500 | ||
|---|---|---|---|
| 001 | bg | ||
| 100 | 1 | _aWOLF-POWĘSKA, Anna | |
| 245 | 0 |
_aNiemiecka myśl polityczna wieku oświecenia / _cAnna Wolf- Powęska. |
|
| 260 |
_aPoznań : _bWydaw. Poznańskie, _c1988. |
||
| 300 |
_a393,[1] s. : _bil. ; _c20 cm. |
||
| 504 | _aPodstawowa literatura źródłowa s. 369-378. | ||
| 650 | 9 |
_aPolityka _xhistoria _zNiemcy _y18-19 w. |
|
| 020 | _a8321008003 | ||
| 040 | _cBPK | ||
| 041 | _apl | ||
| 080 | _a32(430.1)"18/19" | ||
| 920 | _a83-210-0800-3 | ||
| 942 | _cKS | ||
| 008 | s pl f |000 0 pol | ||
| 999 |
_c35341 _d35341 |
||
| 856 |
_uhttp://koha.tu.koszalin.pl/cgi-bin/koha/opac-detail.pl?biblionumber=35341 _yKatalog online BPK |
||